Multiple-Choice-Stadtquiz Wien - Statistiken

Allgemein
  • Dieses Quiz wurde 53 mal gespielt
  • Das Durchschnittsergebnis liegt bei 8 aus 10
Antwortstatistiken
Frage Antwort % Korrekt
Welcher Fluss fließt durch Wien? Donau
100%
Welcher Fußballverein aus Wien ist Rekordmeister von Österreich? SK Rapid
89%
Welches Bauwerk befindet sich nicht in Wien? Geburtshaus von Wolfgang Amadeus Mozart
87%
Welche Hauptstadt eines anderen Landes liegt nur 50 km entfernt von Wien? Bratislava
83%
Was ist kein Name eines Wiener Stadtbezirks? Franzensstadt
79%
Von welchem Bundesland wird Wien umschlossen? Niederösterreich
79%
Was passierte auf dem Wiener Kongress? Neuordnung der Grenzen nach den Napoleonischen Kriegen
77%
Aus dem Fleisch welches Tieries wird ein originales Wiener Schnitzel hergestellt? Kalb
72%
Welche bekannte Brauerei kommt aus Wien? Ottakringer
68%
Welcher bekannte Musiker liegt nicht am Wiener Zentralfriedhof begraben Joseph Haydn
23%
Keine übereinstimmenden Quizze gefunden
Verteilung der Resultate
Anzahl Personen mit jedem Resultat
Perzentil nach korrekt beantworteten Fragen
Ihre Resultats-Entwicklung
Sie haben dieses Quiz noch nicht gespielt